La ilusin̤ de la justicia transicional Perspectivas crt̕icas desde el Sur global /

Bibliographic Details
Main Author: Castillejo Cuľlar, Alejandro
Format: eBook
Language:Spanish
Published: Bogot:̀ Universidad de Los Andes (Colombia), 2017
Subjects:
Online Access:Acceso restringido

MARC

LEADER 00000nam a22000007a 4500
005 20190517132242.0
007 cr|||| ||||
008 190517s2017 co |||||s|||| 00||0 spa d
020 |a 978-958-774-539-9 
035 |a 23414 
040 |a vLex 
090 |c 8749  |d 8749 
100 1 |a Castillejo Cuľlar, Alejandro 
245 1 2 |a La ilusin̤ de la justicia transicional  |h [Recurso electrn̤ico] :  |b Perspectivas crt̕icas desde el Sur global /  |c Alejandro Castillejo Cuľlar 
256 |a Servicio en ln̕ea 
260 |a Bogot:̀  |b Universidad de Los Andes (Colombia),  |c 2017 
300 |a 1 recurso electrn̤ico 
506 1 |a Disponible solo en los productos indicados  |d vLex Global  |d vLex Global (Academic Edition, excluding Law Schools)  |d vLex Global (U.S. Academic Edition, Law Schools)  |d vLex Global (U.S. Academic Edition, excluding Law Schools)  |d vLex Global (Academic Edition, Law Schools) 
650 0 4 |a Ciencias sociales  |z Colombia 
740 0 |a vLex Libros (Servicio en ln̕ea) 
856 4 0 |u http://vlex.com/source/ilusion-de-la-justicia-transicional-perspectivas-criticas-desde-el-sur-global-23414  |z Acceso restringido 
942 |c BOOK 
999 0 |a Social Sciences